Current Premier League Grounds - Statistics

General Stats
  • This quiz has been taken 2,312 times
    764 since last reset
  • The average score is 15 of 20
Answer Stats
Club Stadium % Correct
Arsenal Emirates Stadium
97%
Manchester United Old Trafford
97%
Liverpool Anfield
95%
Chelsea Stamford Bridge
94%
Manchester City Etihad Stadium
92%
Aston Villa Villa Park
87%
Newcastle United St James' Park
84%
West Ham United London Stadium
80%
Fulham Craven Cottage
79%
Tottenham Hotspur Tottenham Hotspur Stadium
78%
Sunderland Stadium of Light
75%
Crystal Palace Selhurst Park
69%
Brighton & Hove Albion American Express Community Stadium
68%
Burnley Turf Moor
66%
Leeds United Elland Road
63%
Wolverhampton Wanderers Molineux Stadium
62%
Bournemouth Vitality Stadium
58%
Nottingham Forest City Ground
57%
Brentford Brentford Community Stadium
56%
Everton Hill Dickinson Stadium
48%
No matching quizzes found
Score Distribution
Percent of People with Each Score
Percentile by Number Answered
Your Score History
You have not taken this quiz since the last reset